| 000 | 00790cam a22002411 4500 | ||
|---|---|---|---|
| 001 | f 01002501 | ||
| 003 | DLC | ||
| 005 | 20260227111243.0 | ||
| 008 | 790702m18961914sz c 000 0 fre | ||
| 010 | _af 01002501 | ||
| 035 | _a(OCoLC)5130962 | ||
| 040 |
_aDLC _cMiGrC _dMiGrC _dDLC |
||
| 042 | _apremarc | ||
| 043 | _ae-sz--- | ||
| 050 | 0 | 0 |
_aDQ455 _b.G27 |
| 100 | 1 |
_aGautier, Jean Antoine, _d1674-1729. |
|
| 245 | 0 | 0 |
_aHistoire de Genève, des origines à l'année 1691, _cpar Jean-Antoine Gautier ... |
| 260 |
_aGenève, _bRey et Malavallon, _c1896-1914. |
||
| 300 |
_a9 v. _bfront. (port.) _c29 cm. |
||
| 500 | _aImprint varies. | ||
| 500 | _aTome 9 has title: Table analytique des matieres; table alphabetique des noms de personnes. | ||
| 651 | 0 |
_aGeneva (Switzerland) _xHistory. |
|
| 999 |
_c22840 _d22840 |
||